000
00299nam a2200133Ia 4500
005
20260328104304.0
008
260328s9999||||xx |||||||||||||| ||und||
100
_a
Plutarco
245
0
_a
Vidas Paralelas /
_c
Plutarco
260
_b
Vergara
300
_a
903 p.
650
_a
HISTORIA
942
_c
BK
999
_c
10701
_d
10701